000 00737nas a2200241 4500
001 BR9601191
003 BR-BrBNA
005 20231205094657.0
007 ta
008 230509b bl.|||p| |||| 00| 00por d
040 _aBR-BrBNA
_bpor
_cBiblioteca Nacional de Agricultura
041 _a(Pt)
072 _aF30
100 1 _aVikeira, S.A.
100 1 _aAlthoff, D.A.
245 1 _aProducao de materia seca de algumas forrageiras submetidas a inundacao continua
650 _aPlanta Forrageira
650 _aVariedade Resistente
650 _aInundacao
773 0 _tAgropecuaria Catarinense (Brazil)
_xISSN 0103-0779
_g(Sep 1994), v. 7(3) p. 37-40
_wBR9601191
909 _a202311
_bLúcia
_c55
_dLúcia Elande
942 _2AGRIS
_n0
_cANA
999 _c146086
_d146086